Catálogo
 En Linea

Menjase y compromiso del padre Alberto Hurtado / (Registro nro. 22480)

Detalles MARC
000 -CABECERA
campo de control de longitud fija 00571nam a2200193 a 4500
001 - NÚMERO DE CONTROL
campo de control 000022983
005 - FECHA Y HORA DE LA ÚLTIMA TRANSACCIÓN
campo de control 20200930021919.0
008 - DATOS DE LONGITUD FIJA--INFORMACIÓN GENERAL
campo de control de longitud fija 101124s1994 ve r 000 | spa d
020 ## - NÚMERO INTERNACIONAL ESTÁNDAR DEL LIBRO
Número Internacional Estándar del Libro 9806270126
040 ## - FUENTE DE LA CATALOGACIÓN
Centro catalogador/agencia de origen DO-SdBNP
Lengua de catalogación spa
Centro/agencia transcriptor BNPHU
082 ## - NÚMERO DE LA CLASIFICACIÓN DECIMAL DEWEY
Número de clasificación xxx
Número de documento/Ítem H967
049 ## - FONDOS LOCALES (OCLC)
Fondos de biblioteca BNGR
245 10 - MENCIÓN DE TÍTULO
Título Menjase y compromiso del padre Alberto Hurtado /
Mención de responsabilidad, etc. Luis Enrique Marius.
260 ## - PUBLICACIÓN, DISTRIBUCIÓN, ETC.
Lugar de publicación, distribución, etc. Caracas :
Nombre del editor, distribuidor, etc. Fondo Latinoamericano de Ediciones Sociales (FLATES),
Fecha de publicación, distribución, etc. 1994.
300 ## - DESCRIPCIÓN FÍSICA
Extensión 125 p. ;
Dimensiones 22 cm.
490 ## - MENCIÓN DE SERIE
Mención de serie CLAT
730 1# - PUNTO DE ACCESO ADICIONAL--TÍTULO UNIFORME
Título uniforme Marius, Luis Enrique
9 (RLIN) 47259
830 #0 - PUNTO DE ACCESO ADICIONAL DE SERIE-TÍTULO UNIFORME
Título uniforme CLAT
9 (RLIN) 47260
Existencias
Estado de retiro Estado de pérdida Restricciones de uso No para préstamo Código de colección Localización permanente Ubicación/localización actual Ubicación en estantería Fecha de adquisición Número de inventario Total de préstamos Signatura topográfica completa Código de barras Fecha visto por última vez Precio válido a partir de Tipo de ítem Koha
      Excluido de préstamo Monografías: Libros y Folletos General General En catalogación 24.11.2010 LF1   xxx H967 22983-10 25.06.2020 25.06.2020 No se presta

Con tecnología Koha